| 000 | 00639nam a2200217 u 4500 | ||
|---|---|---|---|
| 005 | 20240228064000.0 | ||
| 008 | 090220s2006 r 000 0 eng d | ||
| 020 | _a970643920X (10 dígitos) | ||
| 020 | _a9789706439208 (13 dígitos) | ||
| 035 | _aUPN01000169653 | ||
| 049 | _aI | ||
| 050 | 4 |
_aPZ74.1 _bS2.5 |
|
| 100 | 1 | _aSantana, Gabriela | |
| 245 | 1 | 0 |
_aMitología de América : _bpara niños / _cGabriela Santana. |
| 260 |
_aMéxico : _bSelector, _c2006. |
||
| 300 |
_a155 p. : _bil. |
||
| 440 | 0 | _aLiteratura infantil | |
| 650 | 4 |
_aLEYENDAS - _zAMERICA _96721 |
|
| 650 | 4 |
_aLibros y lectura para niños _92290 |
|
| 905 | _aInfantil | ||
| 999 |
_c141759 _d141759 |
||